Schaum's outline of theory and problems of computer graphics (Record no. 8113)

000 -LEADER
fixed length control field 00572nam a22002057a 4500
001 - CONTROL NUMBER
control field 8113
003 - CONTROL NUMBER IDENTIFIER
control field BD-DhUET
008 - FIXED-LENGTH DATA ELEMENTS--GENERAL INFORMATION
fixed length control field 150118b xxu||||| |||| 00| 0 eng d
020 ## - INTERNATIONAL STANDARD BOOK NUMBER
International Standard Book Number 0070991537
040 ## - CATALOGING SOURCE
Original cataloging agency DLC
Transcribing agency DLC
Modifying agency BD-DhUET
082 ## - DEWEY DECIMAL CLASSIFICATION NUMBER
Classification number 001.6443
Item number PLA/1996
100 ## - MAIN ENTRY--PERSONAL NAME
Personal name Plastock, Roy A.
245 ## - TITLE STATEMENT
Title Schaum's outline of theory and problems of computer graphics
Statement of responsibility, etc. by Plastock, Roy A
250 ## - EDITION STATEMENT
Edition statement Ist. ed.
260 ## - PUBLICATION, DISTRIBUTION, ETC. (IMPRINT)
Place of publication, distribution, etc. New york
Name of publisher, distributor, etc. McGraw-Hill
Date of publication, distribution, etc. 1986
300 ## - PHYSICAL DESCRIPTION
Extent viii,340p.
Other physical details ill.
650 #0 - SUBJECT ADDED ENTRY--TOPICAL TERM
Topical term or geographic name as entry element Computer graphics, computer
700 ## - ADDED ENTRY--PERSONAL NAME
Personal name Kalley, Gordon
942 ## - ADDED ENTRY ELEMENTS (KOHA)
Koha item type General Book
Holdings
Koha item type Koha normalized classification for sorting Sublocation or collection (holding branch) Location (home branch) Koha issues (times borrowed) Lost status Price effective from Koha date last seen Copy number Shelving location Koha date last borrowed Piece designation (barcode) Not for loan Damaged status Source of classification or shelving scheme Date acquired Withdrawn status Koha full call number
General Book001_644300000000000_PLA_1996Central Library, BUETCentral Library, BUET  2015-01-182016-01-051Circulation section 91018   2015-01-18 001.6443/PLA/1996
General Book001_644300000000000_PLA_1996Central Library, BUETCentral Library, BUET  2015-01-182015-01-182Circulation section 91021   2015-01-18 001.6443/PLA/1996
General Book001_644300000000000_PLA_1996Central Library, BUETCentral Library, BUET1 2015-01-182019-04-083Circulation section2019-02-2491010   2015-01-18 001.6443/PLA/1996
General Book001_644300000000000_PLA_1996Central Library, BUETCentral Library, BUET1 2015-01-182022-10-104Circulation section2022-10-0291030   2015-01-18 001.6443/PLA/1996
General Book001_644300000000000_PLA_1996Central Library, BUETCentral Library, BUET  2015-01-182015-01-185Circulation section 91022   2015-01-18 001.6443 PLA/1996
Reading Item001_644300000000000_PLA_1996Central Library, BUETCentral Library, BUET  2015-06-062015-06-066Reading section 91008   2015-06-06 001.6443/PLA/1996
General Book001_644300000000000_PLA_1996Central Library, BUETCentral Library, BUET  2015-06-062015-06-067Reading section 91009   2015-06-06 001.6443/PLA/1996